000 00410nam a2200181Ia 4500
001 10626
005 20260306161846.0
008 260306t1977||||xx |||||||||||||| ||spa||
041 _aESP
082 _a944.081
_bM26
100 _aMarx
_eAUT
245 0 _aLa guerra civil en Francia
260 _c1977
300 _a117 páginas :
_c20 cm.
650 _aGEN
654 _aCHU
942 _cLIB
_dJUS
_fJUS
_2ddc
_n
999 _c10626
_d10626